000 00422nam a22001697a 4500
003 NUST - PNEC
005 20170116181206.0
008 161013b xxu||||| |||| 00| 0 eng d
020 _a-
040 _cLIBRARY
082 _a355.032 HAL
100 _916835
_aHali, S.M.
245 _aDefence & Diplomacy
_cS.M. Hali
260 _aIslamabad
_c2015
650 _916837
_aDiplomatic relations
_xGeneral
942 _2ddc
_cBK
999 _c71642
_d71642